000 00547nam a2200205Ia 4500
003 OSt
005 20221007112403.0
006 a|||||r|||| 00| 0
007 ta
008 221006b |||||||| |||| 00| 0 eng d
024 _a27,105
037 _cBound Volume
040 _aLCO
_cLCO
_beng
041 _2eng
_aeng
245 0 _aALL INDIA REPORTER KARNATAKA
260 _aNagpur
_bAll India repoter ltd. India
_c1978
490 _v930138, 930221 71 -1984
942 _cCR
999 _c1196668
_d1196668